Komentár k novele devízového zákona a k novele vykonávacej vyhlášky, ktoré nadobúdajú účinnosť od 1. januára 2001

Novela vykonávacej vyhlášky MF SR a NBS č. .../2000 Z.z., ktorou sa mení a dopĺňa vyhláška č. 390/1999 Z.z., ktorou sa vykonávajú niektoré ustanovenia Devízového zákona. Príloha k vyhláške. Znenie zákona č. 202/1995 Z.z. devízový zákon a zákon, ktorým sa mení a dopĺňa zákon SNR č. 372/1990 Zb. o pri...

Full description

Saved in:
Bibliographic Details
Main Author: Najšlová, Oľga
Format: Book Chapter
Language:Slovak
Subjects:
Tags: Add Tag
No Tags, Be the first to tag this record!

MARC

LEADER 00000naa a2200000 4500
001 r040494
005 20230926084157.9
041 0 |a slo 
044 |a SK 
245 1 0 |a Komentár k novele devízového zákona a k novele vykonávacej vyhlášky, ktoré nadobúdajú účinnosť od 1. januára 2001  |c Oľga Najšlová 
520 |a Novela vykonávacej vyhlášky MF SR a NBS č. .../2000 Z.z., ktorou sa mení a dopĺňa vyhláška č. 390/1999 Z.z., ktorou sa vykonávajú niektoré ustanovenia Devízového zákona. Príloha k vyhláške. Znenie zákona č. 202/1995 Z.z. devízový zákon a zákon, ktorým sa mení a dopĺňa zákon SNR č. 372/1990 Zb. o priestupkoch v znení neskorších zákonov a zákona č. 442/2000 Z.z. Komentár k novele devízového zákona a k novele vykonávacej vyhlášky. 
610 2 0 |a devízy 
610 2 0 |a predpisy devízové 
610 2 0 |a zákony 
610 2 0 |a vyhlášky 
610 2 0 |a MF SR Bratislava 
610 2 0 |a NBS Bratislava 
610 2 0 |a novelizácia 
610 2 0 |a komentáre 
610 2 0 |a 2000-2001 
100 1 |a Najšlová, Oľga